Assam Franchise Committee (Record no. 396295)

000 -LEADER
fixed length control field 00475cam a22001337a 4500
008 - FIXED-LENGTH DATA ELEMENTS--GENERAL INFORMATION
fixed length control field 180718b1932 xxu||||| |||| 00| 0 eng d
082 ## - DEWEY DECIMAL CLASSIFICATION NUMBER
Classification number F3x5411 As72
100 ## - MAIN ENTRY--PERSONAL NAME
Personal name Assam. Franchise Committee
245 ## - TITLE STATEMENT
Title Assam Franchise Committee
260 ## - PUBLICATION, DISTRIBUTION, ETC.
Place of publication, distribution, etc. Shillong
Name of publisher, distributor, etc. The author
Date of publication, distribution, etc. 1932
300 ## - PHYSICAL DESCRIPTION
Extent 8+p.
500 ## - GENERAL NOTE
General note Contents: V.1. Report. 9+p; V.2. Second report with appendices. 8+p; V.3. Replies to questionaire. 298+p; V.4. Evidence. 80+p.
700 ## - ADDED ENTRY--PERSONAL NAME
Personal name Raffey, E. Stuart (Chairman)
Holdings
Withdrawn status Lost status Damaged status Not for loan Permanent Location Current Location Date acquired Full call number Barcode Date last seen Price effective from Koha item type
        Indian Institute of Public Administration Indian Institute of Public Administration 2001-02-22 F3x5411 As72 26805 2018-07-21 2018-07-21 Book
        Indian Institute of Public Administration Indian Institute of Public Administration 2001-02-22 F3x5411 As72 26804 2018-07-21 2018-07-21 Book
        Indian Institute of Public Administration Indian Institute of Public Administration 2001-02-22 F3x5411 As72 26803 2018-07-21 2018-07-21 Book
        Indian Institute of Public Administration Indian Institute of Public Administration 2001-02-22 F3x5411 As72 26802 2018-07-21 2018-07-21 Book

Powered by Koha